000 01418nam0a2200313 4500
001 RU\NLR\bibl\1395662
005 20260406052224.0
010 _a978-5-98227-606-3
_91000
021 _aRU
_b2009-39886
_92425
035 _a(NLR Aleph) 001387688
090 _a1142087
_c1142087
100 _a20090727d2009 |||y0rusy50 ca
101 0 _arus
102 _aRU
105 _aa |||||||||
200 1 _aМетоды социологического исследования
_eучебное пособие
_eдля студентов высших учебных заведений, обучающихся по специальности 040201 - "Социология" и 040102 - "Социальная антропология"
_fИ.Ф. Девятко
205 _a[5-е изд.]
210 _aМосква
_cУниверситет
_d2009
215 _a293, [2] с.
_cил.
_d20
320 _aБиблиогр. в конце гл.
606 1 _aСоциологические исследования
_jУчебные издания для высших учебных заведений
_xМетодика
_92065998
_3RU\NLR\auth\661240543
686 1 _aС5в6я73
700 1 _4070
_8rus
_7ca
_aДевятко
_bИ. Ф.
_gИнна Феликсовна
_3RU\NLR\auth\777253
_9117191
801 0 _aRU
_bNLR
_c20090727
_gRCR
801 1 _aRU
_bNLR
_c20090727
942 _cBOOK
980 _aNB